000 00619nam a2200217Ia 4500
003 OSt
005 20220918221138.0
006 a|||||r|||| 00| 0
007 ta
008 220917b |||||||| |||| 00| 0 eng d
024 _a148,442
037 _cTextual
040 _aARTS
_cARTS
_beng
041 _2eng
_aeng
082 _aS873g, M0.4
245 0 _aHandbook of cross-cultural psychology
_b developmental psychology ed by Harry E Triandis and Alastair Hebon
260 _aBoston
_bAllyn and Unwin
_c1981
650 _aPSYCHOLOGY
942 _hS873g, M0.4
_cTEXL
_2CC
999 _c271119
_d271119